<?xml version="1.0" encoding="UTF-8"?>
<record
    xmlns:xsi="http://www.w3.org/2001/XMLSchema-instance"
    xsi:schemaLocation="http://www.loc.gov/MARC21/slim http://www.loc.gov/standards/marcxml/schema/MARC21slim.xsd"
    xmlns="http://www.loc.gov/MARC21/slim">

  <leader>00329nam a22000977a 4500</leader>
  <controlfield tag="008">230913b        |||||||| |||| 00| 0 eng d</controlfield>
  <datafield tag="040" ind1=" " ind2=" ">
    <subfield code="a">National Science Library</subfield>
    <subfield code="c">National Science Library</subfield>
  </datafield>
  <datafield tag="245" ind1=" " ind2=" ">
    <subfield code="a">Studii si cercetari de medicina interna</subfield>
  </datafield>
  <datafield tag="260" ind1=" " ind2=" ">
    <subfield code="a">Bucuresti: </subfield>
    <subfield code="b">Editura Academiei Republicii Socialiste Romania, </subfield>
  </datafield>
  <datafield tag="942" ind1=" " ind2=" ">
    <subfield code="c">CR</subfield>
  </datafield>
  <datafield tag="999" ind1=" " ind2=" ">
    <subfield code="c">60663</subfield>
    <subfield code="d">60663</subfield>
  </datafield>
  <datafield tag="952" ind1=" " ind2=" ">
    <subfield code="0">0</subfield>
    <subfield code="1">0</subfield>
    <subfield code="3">Vol. 7, 1966</subfield>
    <subfield code="4">0</subfield>
    <subfield code="7">0</subfield>
    <subfield code="9">143390</subfield>
    <subfield code="a">NSL</subfield>
    <subfield code="b">NSL</subfield>
    <subfield code="c">SF/Rk-67/C-1/R-4</subfield>
    <subfield code="d">1969-03-15</subfield>
    <subfield code="l">0</subfield>
    <subfield code="p">29311</subfield>
    <subfield code="r">2023-09-13 00:00:00</subfield>
    <subfield code="w">1969-03-15</subfield>
    <subfield code="y">CR</subfield>
  </datafield>
  <datafield tag="952" ind1=" " ind2=" ">
    <subfield code="0">0</subfield>
    <subfield code="1">0</subfield>
    <subfield code="3">Vol. 24, NOS. 1-5, 1972</subfield>
    <subfield code="4">0</subfield>
    <subfield code="7">0</subfield>
    <subfield code="9">143396</subfield>
    <subfield code="a">NSL</subfield>
    <subfield code="b">NSL</subfield>
    <subfield code="c">SF/Rk-67/C-1/R-4</subfield>
    <subfield code="d">1969-03-15</subfield>
    <subfield code="l">0</subfield>
    <subfield code="p">55046</subfield>
    <subfield code="r">2023-09-13 00:00:00</subfield>
    <subfield code="w">1969-03-15</subfield>
    <subfield code="y">CR</subfield>
  </datafield>
  <datafield tag="952" ind1=" " ind2=" ">
    <subfield code="0">0</subfield>
    <subfield code="1">0</subfield>
    <subfield code="3">Vol. 11, 1970</subfield>
    <subfield code="4">0</subfield>
    <subfield code="7">0</subfield>
    <subfield code="9">143403</subfield>
    <subfield code="a">NSL</subfield>
    <subfield code="b">NSL</subfield>
    <subfield code="c">SF/Rk-67/C-1/R-4</subfield>
    <subfield code="d">1972-01-17</subfield>
    <subfield code="l">0</subfield>
    <subfield code="p">40796</subfield>
    <subfield code="r">2023-09-13 00:00:00</subfield>
    <subfield code="w">1972-01-17</subfield>
    <subfield code="y">CR</subfield>
  </datafield>
  <datafield tag="952" ind1=" " ind2=" ">
    <subfield code="0">0</subfield>
    <subfield code="1">0</subfield>
    <subfield code="3">Vol. 10, 1969</subfield>
    <subfield code="4">0</subfield>
    <subfield code="7">0</subfield>
    <subfield code="9">143408</subfield>
    <subfield code="a">NSL</subfield>
    <subfield code="b">NSL</subfield>
    <subfield code="c">SF/Rk-67/C-1/R-4</subfield>
    <subfield code="d">1972-01-17</subfield>
    <subfield code="l">0</subfield>
    <subfield code="p">40795</subfield>
    <subfield code="r">2023-09-13 00:00:00</subfield>
    <subfield code="w">1972-01-17</subfield>
    <subfield code="y">CR</subfield>
  </datafield>
  <datafield tag="952" ind1=" " ind2=" ">
    <subfield code="0">0</subfield>
    <subfield code="1">0</subfield>
    <subfield code="3">Vol. 9, 1968</subfield>
    <subfield code="4">0</subfield>
    <subfield code="7">0</subfield>
    <subfield code="9">143419</subfield>
    <subfield code="a">NSL</subfield>
    <subfield code="b">NSL</subfield>
    <subfield code="c">SF/Rk-67/C-1/R-4</subfield>
    <subfield code="d">1970-09-19</subfield>
    <subfield code="l">0</subfield>
    <subfield code="p">35936</subfield>
    <subfield code="r">2023-09-13 00:00:00</subfield>
    <subfield code="w">1970-09-19</subfield>
    <subfield code="y">CR</subfield>
  </datafield>
  <datafield tag="952" ind1=" " ind2=" ">
    <subfield code="0">0</subfield>
    <subfield code="1">0</subfield>
    <subfield code="3">Vol. 13, 1972</subfield>
    <subfield code="4">0</subfield>
    <subfield code="7">0</subfield>
    <subfield code="9">143426</subfield>
    <subfield code="a">NSL</subfield>
    <subfield code="b">NSL</subfield>
    <subfield code="c">SF/Rk-67/C-1/R-4</subfield>
    <subfield code="d">1970-09-19</subfield>
    <subfield code="l">0</subfield>
    <subfield code="p">54762</subfield>
    <subfield code="r">2023-09-13 00:00:00</subfield>
    <subfield code="w">1970-09-19</subfield>
    <subfield code="y">CR</subfield>
  </datafield>
  <datafield tag="952" ind1=" " ind2=" ">
    <subfield code="0">0</subfield>
    <subfield code="1">0</subfield>
    <subfield code="3">Vol. 14, NOS. 1-6, 1973</subfield>
    <subfield code="4">0</subfield>
    <subfield code="7">0</subfield>
    <subfield code="9">143436</subfield>
    <subfield code="a">NSL</subfield>
    <subfield code="b">NSL</subfield>
    <subfield code="c">SF/Rk-67/C-1/R-4</subfield>
    <subfield code="d">1975-06-11</subfield>
    <subfield code="l">0</subfield>
    <subfield code="p">74618</subfield>
    <subfield code="r">2023-09-13 00:00:00</subfield>
    <subfield code="w">1975-06-11</subfield>
    <subfield code="y">CR</subfield>
  </datafield>
  <datafield tag="952" ind1=" " ind2=" ">
    <subfield code="0">0</subfield>
    <subfield code="1">0</subfield>
    <subfield code="3">Vol. 8, 1967</subfield>
    <subfield code="4">0</subfield>
    <subfield code="7">0</subfield>
    <subfield code="9">166957</subfield>
    <subfield code="a">NSL</subfield>
    <subfield code="b">NSL</subfield>
    <subfield code="c">SF/Rk-67/C-1/R-4</subfield>
    <subfield code="d">1969-03-15</subfield>
    <subfield code="l">0</subfield>
    <subfield code="p">29312</subfield>
    <subfield code="r">2023-10-30 00:00:00</subfield>
    <subfield code="w">1969-03-15</subfield>
    <subfield code="y">CR</subfield>
  </datafield>
</record>
